<?xml version="1.0" encoding="UTF-8"?>
<collection xmlns:xsi="http://www.w3.org/2001/XMLSchema-instance" xsi:schemaLocation="http://www.loc.gov/MARC21/slim http://www.loc.gov/standards/marcxml/schema/MARC21slim.xsd" xmlns="http://www.loc.gov/MARC21/slim">
 <record>
  <leader>00000cab a22000004cb4500</leader>
  <controlfield tag="001">IPP-00000660423</controlfield>
  <controlfield tag="003">IPP</controlfield>
  <controlfield tag="005">20241016124830.0</controlfield>
  <controlfield tag="008">241016s2024    xx     d | ||r |||||eng||</controlfield>
  <datafield tag="041" ind1="#" ind2="#">
   <subfield code="a">eng</subfield>
  </datafield>
  <datafield tag="100" ind1="1" ind2="#">
   <subfield code="a">Talamayan, Fernan L.</subfield>
  </datafield>
  <datafield tag="245" ind1="1" ind2="0">
   <subfield code="a">The political logic of populism in the Philippines</subfield>
   <subfield code="b">the presidencies of Quezon, Magsaysay, and Marcos</subfield>
  </datafield>
  <datafield tag="264" ind1="#" ind2="1">
   <subfield code="c">2024</subfield>
  </datafield>
  <datafield tag="300" ind1="#" ind2="#">
   <subfield code="b">figures and tables; 23 cm.</subfield>
  </datafield>
  <datafield tag="520" ind1="#" ind2="#">
   <subfield code="a">The article examines the foundation and formation of populist logic in the Philippines, focusing on the presidencies of Manuel Quezon, Ramon Magsaysay, and Ferdinand Marcos—leaders who relied heavily on populist rhetoric. Combining grounded theory and critical discourse analysis, I trace the populist logic in past articulations of people’s sentiments and demands to identify populism’s linguistic and discursive features, as well as its reproduction of unifying and polarizing signifiers. By casting historical light on populism, I unveil the rhetorical strategies, moral justifications, and temporal perspectives that shaped and continuously shape its articulation and practice in the country.</subfield>
  </datafield>
  <datafield tag="650" ind1="1" ind2="0">
   <subfield code="a">Political planning</subfield>
  </datafield>
  <datafield tag="650" ind1="2" ind2="0">
   <subfield code="a">Political science</subfield>
   <subfield code="x">Philosophy</subfield>
  </datafield>
  <datafield tag="650" ind1="2" ind2="0">
   <subfield code="a">Ideology</subfield>
  </datafield>
  <datafield tag="773" ind1="0" ind2="#">
   <subfield code="t">Philippine Studies: Historical and Ethnographic Viewpoints</subfield>
   <subfield code="g">Vol. 72, no. 3 (Sep. 2024), 393-427</subfield>
  </datafield>
  <datafield tag="942" ind1="#" ind2="#">
   <subfield code="a">Article</subfield>
  </datafield>
  <datafield tag="950" ind1="#" ind2="#">
   <subfield code="a">FI</subfield>
  </datafield>
 </record>
</collection>
